000 00560 a2200181 4500
999 _c501
_d501
008 191031b ||||| |||| 00| 0 eng d
020 _a9789332578753
082 0 0 _a658.45
_bB783
100 _aBovee, Courtland L.
_95264
245 _aBusiness communication today /
_cby Courtland L. Bovee, John V. Thill, R. L. Raina
250 _a13th ed.
260 _bPearson Education,
_c2017.
_aNoida:
300 _axlv, 746 p.
650 0 _aBusiness Communication
700 _95265
_aThill, John V.
700 _aRaina, R. L.
_qRoshan Lal Raina
_95266
942 _2ddc
_cBK